00842nam 22002413 4500001000700000010002200007021001800029090001100047100004100058200008600099205000800185210004900193215003600242300008600278606003800364675002800402700001800430702002800448801001800476830001100494990001100505995008400516202849 a978-972-20-8394-2 aPTb535255/24 a202849 a20260702d u||y0pory50 ba aTenho 3 Anoseo meu procura e encontraf[Disney]gilustrações Sandrine Lamour a1ª aAlfragidecPublicações Dom Quixoted2025 a[20] p.cil. ; cartonadod30 cm aMais de 50 elementos escondidos. Um grande livro de brincar para os mais pequenos 947aLiteratura Infantil Americana a821.111(73)-93vPTzpor 9233a[Disney] 917698aLamourbSandrine aPTbBMMNgRPC cIsabel cLIVROS 002052026-07-02932661bBMMNf32371k821.111(73)-93 DIS|AIJo0rLIVROSsOferta